| 000 | 01052cam a2200217 4500 | ||
|---|---|---|---|
| 001 | WB3747-13 | ||
| 008 | 011211n2001 000 0 eng u | ||
| 035 | _a(Sirsi) u115954 | ||
| 245 | _aAIA on building plans | ||
| 260 | _c2001 | ||
| 490 |
_aRICS Project Management Faculty News _v10 December 2001 |
||
| 520 | _aThe American Institute of Architects (AIA) has issued guidance to its members in the light of heightened concerns in the US following the events of 11 September 2001, and reports by a number of architects and engineers of suspicious requests to see building plans. (See: http://www.aia.org). The Royal Institute of British Architects (RIBA) has not published any formal guidance to date. However, its Practice Department is advising caution. It recommends suspicious enquiries are reported to the police. | ||
| 590 | _aWB | ||
| 650 | _aAMERICAN INSTITUTE OF ARCHITECTS | ||
| 650 | _aUSA | ||
| 650 | _aBUILDING SECURITY | ||
| 650 | _aRIBA | ||
| 650 | _aGUIDANCE | ||
| 690 | _aMANAGEMENT-FACILITIES MANAGEMENT | ||
| 942 | _n0 | ||
| 999 |
_c69077 _d69077 |
||